000 00334nam a2200109Ia 4500
008 180205s9999 xx 000 0 und d
020 _a9711105683
100 _aMejorada, Nenita D.
245 _aIntroduction to management accounting :
_b(for non-accounting majors)
260 _aQuezon City
_bJMC press
_c1998
300 _avii, 149 pages
999 _c354719
_d354719